000 00596nam a22001817a 4500
999 _c12560
_d12560
008 190130b ||||| |||| 00| 0 eng d
020 _a971-542-291-8
082 _22001
_aDFil 899.211
_bP53
245 _aOrigin of thunder and lightning(Kankanay)/
_cDamiana Eugenio [Compiler and Editor]
260 _aQuezon City:
_bUP Press;
_c©2001
300 _aPage 260;
_c22.5 cm.
500 _aPhilippine folk literature: The myths
650 _aMythology
_935460
650 _aLegends
_935461
650 _aPhilippine folk literature (English)
_935462
650 _aFolklore
_935463
942 _2ddc
_cDFIL